Normale Ansicht MARC-Ansicht ISBD

Scenarii vlasti (Titelsatznr. 45147)

[ MARC ]
MARC-Details
000 -Satzkennung
Kontrollfeld mit fester Länge 00487nam a22001571cc4500
001 - Kontrollnummer
Kontrollfeld a75409+TomI
035 ## - Systemkontrollnummer
System-Kontrollnummer a75409
008 - Feld mit fester Länge zur physischen Beschreibung - Allgemeine Angaben
Kontrollfeld mit fester Länge 170707s2004 gw |||| 000u rus d
040 ## - Katalogisierungsquelle
Übertragungsstelle RU-10907106
003 - Kontrollnummer Identifier
Kontrollfeld RU-10907106
245 00 - Titel
Titel Scenarii vlasti
Zählung des Teils/der Abteilung eines Werkes Tom I
Titel eines Teils/einer Abteilung eines Werkes Ot Petra Velikogo do smerti Nikolaja I
264 ## - Produktion, Veröffentlichung, Distribution, Herstellung und Urheberrechtsvermerk
Herstellungs-, Veröffentlichungs- Vertriebs-, Erzeugungsort Moskva :
Produzent, Herausgeber, Distributor, Hersteller OGI,
Datum der Herstellung, der Veröffentlichung, des Vertriebs oder des Urheberschutzvermerks 2004
246 12 - Titelvarianten
Hauptsachtitel/Kurztitel Scenarii vlasti : Mify i ceremonii russkoj monarchii. Ot Petra Velikogo do smerti Nikolaja I
Zählung des Teils/der Abteilung eines Werkes Tom I
773 08 - Übergeordnete Einheit
Datensatzkontrollnummer a75409
Zählung und erste Seite TomI
942 ## - Zusätzliche Felder (Koha)
Koha-Medientyp Monographien
Exemplare
Ausgeschieden Verloren Klassifikation oder Aufstellungssystematik Beschädigt Nicht entleihbar Heimatbibliothek Aufenthaltsbibliothek Aufstellungsort Erwerbungsdatum Inventarnummer Signatur Barcode Letzte Aktivität Preis gültig von Koha-Medientyp
    Andere/Generische Klassifikation     MWN Osteuropa MWN Osteuropa Magazin - 2 07/07/2017 06-04156 R 50 x Wor 1 (1) E004015073DE67CE 14/09/2020 22/03/2021 Monographien